000 00374nam a22001697a 4500
003 MPLRDC
005 20220104123734.0
008 210129b ||||| |||| 00| 0 eng d
082 _a177 CN
100 _a崔宁编
245 _a说服力十一要法
_c
250 _a初版
260 _a
_b星联出版社
_c1987
300 _b
650 _a
942 _cBK
_o177 CN
999 _c13800
_d13790